Strategic Business Management And Banking / (Record no. 152868)

MARC details
000 -LEADER
fixed length control field 00655nam a22002177a 4500
005 - DATE AND TIME OF LATEST TRANSACTION
control field 20180620141931.0
020 ## - INTERNATIONAL STANDARD BOOK NUMBER
International Standard Book Number 8176295981
Terms of availability 990.00
035 ## - SYSTEM CONTROL NUMBER
System control number B-159493
037 ## - SOURCE OF ACQUISITION
Source of stock number/acquisition BPPD/PUB
082 ## - DEWEY DECIMAL CLASSIFICATION NUMBER
Classification number 658.4012
100 ## - MAIN ENTRY--PERSONAL NAME
Personal name Sarkar, A.N.
245 ## - TITLE STATEMENT
Title Strategic Business Management And Banking /
Statement of responsibility, etc by A.N. Sarkar and S.B. Mujumdar
260 ## - PUBLICATION, DISTRIBUTION, ETC. (IMPRINT)
Place of publication, distribution, etc New Delhi
Name of publisher, distributor, etc Deep and Deep Publications Pvt. Ltd
Date of publication, distribution, etc 2005
270 ## - ADDRESS
Address F-159, Rajouri Garden
City New Delhi
Postal code 110027
300 ## - PHYSICAL DESCRIPTION
Extent xxxv, 364p.:
Dimensions 25cm(Hb)
500 ## - GENERAL NOTE
General note Includes index
650 ## - SUBJECT ADDED ENTRY--TOPICAL TERM
Topical term or geographic name as entry element
700 ## - ADDED ENTRY--PERSONAL NAME
Personal name S.B. Mujumdar
760 ## - MAIN SERIES ENTRY
Edition Bloom, Harold
942 ## - ADDED ENTRY ELEMENTS (KOHA)
Source of classification or shelving scheme Dewey Decimal Classification
Item type English Books
Call number suffix SAR
Classification part 658.4012
Holdings
Withdrawn status Lost status Not for loan Collection code Home library Current library Date acquired Source of acquisition Cost, normal purchase price Full call number Barcode Cost, replacement price Koha item type
      Non-fiction Shahdara Branch Shahdara Branch 20/06/2018 BPPD/PUB 990.00 658.4012 SAR B-159493 990.00 English Books

© Delhi Public Library
Hit Counter
free hit counter